Catálogo

GROUND WATER CONTAMINATION : (Registro nro. 13378)

Detalles MARC
000 -LEADER
fixed length control field 00504nam a2200169 a 4500
001 - CONTROL NUMBER
control field 13378
005 - DATE AND TIME OF LATEST TRANSACTION
control field 20180713201741.0
008 - FIXED-LENGTH DATA ELEMENTS--GENERAL INFORMATION
fixed length control field 140415d 000 0 eng d
041 ## - LANGUAGE CODE
Language code of text/sound track or separate title eng
082 ## - DEWEY DECIMAL CLASSIFICATION NUMBER
Classification number 628.168
Item number BED
100 1# - MAIN ENTRY--PERSONAL NAME
Personal name BEDIENT, PHILIP B.
245 10 - TITLE STATEMENT
Title GROUND WATER CONTAMINATION :
Remainder of title TRANSPORT AND REMEDIATION
260 ## - PUBLICATION, DISTRIBUTION, ETC.
Place of publication, distribution, etc. [s.l.] :
Name of publisher, distributor, etc. PRENTICE-HALL,
Date of publication, distribution, etc. [s.f.]
300 ## - PHYSICAL DESCRIPTION
Extent 541
650 14 - SUBJECT ADDED ENTRY--TOPICAL TERM
Topical term or geographic name entry element CONTAMINACION DE SUELOS
General subdivision SANAMIENTO AMBIENTAL
700 1# - ADDED ENTRY--PERSONAL NAME
Personal name RIFAI, HANADI S.
Relator term coaut.
Existencias
Withdrawn status Lost status Source of classification or shelving scheme Damaged status Not for loan Collection code Home library Current library Shelving location Date acquired Source of acquisition Inventory number Total Checkouts Full call number Barcode Date last seen Price effective from Koha item type
    Dewey Decimal Classification     General Biblioteca Karol Wojtyla Biblioteca Karol Wojtyla Sala general 03/12/2013 Compra 151000000000000000012202   628.168 BED 30176 05/01/2026 03/12/2013 Libro